Common Sayings: Missing 'I' Words Quiz Stats

 Plays Quiz Updated Dec 27, 2017

Score 0/30 Timer 04:00
2 Plays Today
% Correct
icing
95.4%
iceberg
95.3%
iron
94.8%
ice
94.6%
impress
94.1%
identity
93.7%
ignorance
93.7%
ill
93.3%
inch
93.2%
idea
93.1%
insult
93.1%
image
93%
impression
91.5%
interesting
91.2%
idle
91.2%
% Correct
imagination
91.2%
invasion
90%
ides
89.8%
interest
89.5%
ivory
89.4%
impossible
89.4%
ivy
88.2%
imitation
88%
invention
87.8%
ink
87.3%
increase
86.9%
information
85.1%
inside
84.4%
itch
82.5%
intestinal
76%

You're not logged in!

Compare scores with friends on all Sporcle quizzes.
OR
Log In

Show Comments

Extras

Top Quizzes Today


Score Distribution

Your Account Isn't Verified!

In order to create a playlist on Sporcle, you need to verify the email address you used during registration. Go to your Sporcle Settings to finish the process.

Report this User

Report this user for behavior that violates our Community Guidelines.

Details: